00376nam a2200133Ia 4500008004100000041000800041082002000049100004000069245005800109260003200167300000800199502001800207999001700225230128s9999 xx 000 0 und d aeng aGAD PR0473bGAD aGadre Surabhi P - 2K1010529118932 aAnalytical Study of the Performance Management System c2012bPune UniversityaPune a71p cGaikwad Anand c97230d97230